| 000 | 004550000a22001810004500 | ||
|---|---|---|---|
| 003 | MACL | ||
| 005 | 20150729142245.0 | ||
| 008 | 150729b xxu||||| |||| 00| 0 eng d | ||
| 040 |
_aMACL _cMACL |
||
| 041 | _aEnglish | ||
| 082 | _a333/SAX | ||
| 100 |
_aSaxena N C _93181 |
||
| 245 |
_aIndia's Eucalyptus Craze _bThe God That Failed |
||
| 260 |
_bSage Publications _c1994 _aNew Delhi |
||
| 350 | _a275 | ||
| 650 |
_aEconomices _93182 |
||
| 942 |
_cBK _k333 _2ddc |
||
| 999 |
_c3300 _d3300 |
||